=LDR 00000nam 2200000 4500 =001 INLIS000000000050474 =005 20170505091215 =035 ##$$a 0010-0517000127 =007 ta =008 170505###########################0###### =020 ##$$a 978-602-9348-40-1 =082 ##$$a 639.31 =084 ##$$a 639.31 UTA p =100 #$$a Utami, Sri =245 1#$$a Panduan Praktis Pembibitan Ikan Bawal /$c Utami, Sri =250 ##$$a Cet.1 =260 ##$$a Yogyakarta :$b Air Publishing,$c 2016 =300 ##$$a 104 hlm. : $b Ilus ; $c 20, 5 cm. =650 ##$$a Ikan Bawal =990 ##$$a 78897889 =990 ##$$a 78897889 =990 ##$$a 31700967 =990 ##$$a 02201707889 =990 ##$$a 31700968 =990 ##$$a 31700967